On This Day: August 28th Quiz Stats

 Plays Quiz Updated Aug 28, 2017

     
Support Sporcle.
Go Orange.
Score 0/7 Timer 03:00
0 Plays Today
Question Answer Wrong Answers
During the March on Washington for Jobs and Freedom, the Reverend Martin Luther King, Jr. gives his ______ speech.
1963
I Have a Dream
93.3%
I've Been to the Mountaintop
2%
Give Us the Ballot
0.5%
The Quest for Peace and Justice
0.8%
This Japanese car manufacturer becomes an independent company.
1937
Toyota
87%
Hyundai
6.8%
Kia
3.2%
Daewoo Bus
1.1%
In New Bern, North Carolina, Caleb Bradham renames his carbonated soft drink, creating the beverage known ever since as ______.
1898
Pepsi-Cola
76.4%
RC Cola
16.9%
Tab
3.7%
Red Rock
1.8%
______ declares Kuwait to be its newest province.
1990
Iraq
67.2%
Iran
8%
Saudi Arabia
15.6%
Qatar
5.2%
The first issue of this popular science magazine, the oldest continuously published monthly magazine in the United States, is published.
1845
Scientific American
55.2%
Popular Mechanics
29.5%
Science World
10.7%
Cosmos
4.5%
This US Senator begins a filibuster to prevent the Senate from voting on the Civil Rights Act of 1957. He stops speaking 24 hours and 18 minutes later.
1957
Strom Thurmond
53.5%
Robert Byrd
10.5%
George Wallace
21.1%
Thomas E. Dewey
12.1%
Canadian singer-songwriter Eilleen Regina Edwards is born. She is better known by this stage name.
1965
Shania Twain
40.2%
Celine Dion
42%
Faith Hill
3.5%
Alanis Morissette
10.4%

From the Vault

Images That Start with 'N'

by sproutcm

Basically we could put 'N'-thing we wanted in this quiz.
Remove Ads.
Support Sporcle.
Get the best of Sporcle when you Go Orange. This ad-free experience offers more features, more stats, and more fun while also helping to support Sporcle. Thank you for becoming a member.

Show Comments

Extras

Top Quizzes Today


Score Distribution

Your Account Isn't Verified!

In order to create a playlist on Sporcle, you need to verify the email address you used during registration. Go to your Sporcle Settings to finish the process.

Report this User

Report this user for behavior that violates our Community Guidelines.

Details: